LIBRARY & INFORMATION CENTRE, KCAET, TAVANUR

ONLINE PUBLIC ACCESS CATALOGUE (OPAC)

Open-Channel Flow (Record no. 13874)

MARC details
000 -LEADER
fixed length control field 00274nam a22001337a 4500
020 ## - INTERNATIONAL STANDARD BOOK NUMBER
ISBN 9780387301747
082 ## - DEWEY DECIMAL CLASSIFICATION NUMBER
Classification number 532.54 CHA/OP
100 ## - MAIN ENTRY--AUTHOR NAME
Personal name Chaudhry, M Hanif
245 ## - TITLE STATEMENT
Title Open-Channel Flow
250 ## - EDITION STATEMENT
Edition statement Ed 2
260 ## - PUBLICATION, DISTRIBUTION, ETC. (IMPRINT)
Name of publisher Springer
Year of publication 2008
300 ## - PHYSICAL DESCRIPTION
Number of Pages 523
942 ## - ADDED ENTRY ELEMENTS (KOHA)
Koha item type Books
Holdings
Withdrawn status Lost status Damaged status Collection code Home library Current library Shelving location Date acquired Source of acquisition Cost, normal purchase price Full call number Accession Number Koha item type
      Reference KAUAET KAUAET Reference 31/03/2012 Dreamtech ,Thiruvananthapuram 5569.36 532.54 CHA/OP 23151 Books
free website counter